CSI and NCIS Cities Quiz Stats

Quiz Updated Jun 27, 2016

Also try: TV Cities
Challenge
Share
Tweet
Embed
Score 0/7 Timer 01:00
0 Plays Today
City % Correct
New York (2004-2013)
96.7%
Miami (2002-2012)
95.9%
Los Angeles (2009-)
88.8%
Las Vegas (2000-2015)
85.6%
New Orleans (2014-)
73.1%
Washington, DC (2014-2016)
71.9%
Washington, DC (2003-)
71.9%

You're not logged in!

Compare scores with friends on all Sporcle quizzes.
Sign Up with Email
OR
Log In

You Might Also Like...

Show Comments

Extras

Top Quizzes Today


Score Distribution

Your Account Isn't Verified!

In order to create a playlist on Sporcle, you need to verify the email address you used during registration. Go to your Sporcle Settings to finish the process.